00599nam a2200193 a 4500001001300000003000900013005001700022008004100039020001000080082001600090100002000106245008100126260005000207300000900257500003500266505006500301650001900366700002000385nice12345678IN_TiNIC20260116013058.0050524s1992 cama grp 000 0 eng  ac29500a001.42bBUT aButcher, Judith aCopy-Editingb the Cambridge Handbook for Editiors, Authors and Publishers.. aCambridge bCambridge University Press c1992 a471p aincludes index and biblioraphy2 athird edition revised and updated. Appendix, Glossary. Index aReport Writing1 aButcher, Judith